Dónde Jugó (Atlético de Madrid) - Estadísticas

Estadísticas generales
  • Esta prueba ha sido intentada 111 veces
  • La puntuación promedio es 17 de 20
Estadísticas de respuestas
Jugador Equipo en el que haya jugado % Correcto
Antoine Griezmann Real Sociedad, Barcelona
99%
Marcos Llorente Alavés, Real Madrid
98%
Julián Álvarez River Plate, Manchester City
97%
Koke Atlético de Madrid
96%
Clément Lenglet Nancy, Sevilla, Barcelona, Tottenham, Aston Villa
96%
Robin Le Normand Real Sociedad
96%
Pablo Barrios Atlético de Madrid
95%
Álex Baena Girona, Villarreal
95%
Alexander Sorloth Midtjylland, Crystal Palace, Gent, Trabzonspor, Leipzig, Real Sociedad, Villarreal
93%
Johnny Cardoso Internacional, Betis
90%
Matteo Ruggeri Atalanta, Salernitana
85%
Marc Pubill Levante, Almería
84%
Jan Oblak Benfica, Río Ave
83%
Juan Musso Racing Club, Udinese, Atalanta
83%
Nico González Argentinos Jrs, Stuttgart, Fiorentina, Juventus
81%
Nahuel Molina Rosario Central, Boca Juniors, Udinese
79%
Guiliano Simeone Zaragoza, Alavés
75%
Thago Almada Vélez Sarsfield, Atlanta, Botafogo, Olympique de Lyon
74%
Dávid Hancko Sparta Praga, Fiorentina, Feyenoord
71%
José María Giménez Atlético de Madrid, Danubio
52%
No se encontraron pruebas coincidentes
Distribución de puntuación
Porcentaje de gente con cada puntuación
Porcentaje por número respondido
Historial de tus puntuaciones
No has intentado esta prueba.